[Event "HUN-chT 2122"]
[Site "Hungary"]
[Date "2021.10.10"]
[Round "1.12"]
[White "Kocsmar, Akos"]
[Black "Martini, Balazs"]
[Result "0-1"]
[WhiteElo "1987"]
[BlackElo "2343"]
[PlyCount "182"]
[EventDate "2021.10.10"]
[EventType "team-tourn"]
[EventRounds "9"]
[EventCountry "HUN"]
[SourceTitle "EXT 2023"]
[Source "ChessBase"]
[SourceDate "2022.10.05"]
[SourceVersion "1"]
[SourceVersionDate "2022.10.05"]
[SourceQuality "1"]
[WhiteTeam "Maroczy"]
[BlackTeam "Ajka Sentimento"]
[WhiteTeamCountry "HUN"]
[BlackTeamCountry "HUN"]

1. d4 Nf6 2. c4 g6 3. Nf3 Bg7 4. Nc3 0-0 5. g3 d6 6. Bg2 Nbd7 7. 0-0 e5 8. e4 c6 9. h3 a6 10. Be3 Re8 11. Re1 Qc7 12. Rc1 exd4 13. Nxd4 Nc5 14. Qc2 a5 15. Rcd1 Nfd7 16. b3 Na6 17. Bf4 Ne5 18. Be3 Nd7 19. Bf4 Ne5 20. Be3 Nd7 21. Qd2 Ndc5 22. Nde2 a4 23. bxa4 Be6 24. Bd4 f6 25. Be3 Bxc4 26. Qxd6 Qxd6 27. Rxd6 Rad8 28. Red1 Rxd6 29. Rxd6 Kf7 30. Rd4 Be6 31. Rd2 Ke7 32. Bf1 Rd8 33. Nd4 Bf7 34. Bxa6 Nxa6 35. Rb2 Rd7 36. Rb6 f5 37. Nce2 fxe4 38. Bg5+ Kd6 39. Nb5+ Kc5 40. Be3+ Kc4 41. Na3+ Kd5 42. Nc2 Kd6 43. Ned4 Kc7 44. a5 Bd5 45. a3 Be5 46. Nb4 Nxb4 47. axb4 Bc4 48. Nc2 Rd1+ 49. Kh2 Bb3 50. a6 bxa6 51. Na3 Ra1 52. Rxa6 Bb2 53. b5 Rxa3 54. Rxc6+ Kd7 55. Rc5 Be6 56. b6 Rb3 57. Rc7+ Kd6 58. Rxh7 Be5 59. Rh6 Bf7 60. Rh7 Ke6 61. Kg2 Bg8 62. Ra7 Kd6 63. Rc7 Bd5 64. Rc1 Ke6 65. Rc5 Rb1 66. g4 Bb7 67. h4 Ba6 68. Rc1 Rb3 69. Rc6+ Kf7 70. Rc5 Bd6 71. Rc6 Ke7 72. h5 gxh5 73. gxh5 Rb5 74. h6 Rh5 75. Rc2 Kd7 76. Rd2 Kc6 77. Rc2+ Kd7 78. Rd2 Kc6 79. Rc2+ Kd7 80. Rd2 Bd3 81. Ra2 Rh2+ 82. Kg1 Rh4 83. Kg2 Rh2+ 84. Kg1 Rh4 85. Kg2 Kc6 86. Rb2 Ba6 87. Rd2 Bc8 88. Rc2+ Kb7 89. Rc1 Bh3+ 90. Kh1 Bg4+ 91. Kg1 Bf3 0-1

[Event "HUN-chT2 Maroczy 1819"]
[Site "Hungary"]
[Date "2019.04.28"]
[Round "11.7"]
[White "Balogh, David"]
[Black "Kocsmar, Akos"]
[Result "1-0"]
[WhiteElo "2225"]
[BlackElo "1755"]
[PlyCount "67"]
[EventDate "2018.09.23"]
[EventType "team-tourn"]
[EventRounds "11"]
[EventCountry "HUN"]
[SourceTitle "EXT 2021"]
[Source "ChessBase"]
[SourceDate "2020.10.23"]
[SourceVersion "1"]
[SourceVersionDate "2020.10.23"]
[SourceQuality "1"]
[WhiteTeam "Kisujszallas"]
[BlackTeam "Szeged Maroczy II"]
[WhiteTeamCountry "HUN"]
[BlackTeamCountry "HUN"]

1. d4 d5 2. Bg5 Nf6 3. Bxf6 exf6 4. e3 c6 5. c4 Bf5 6. Nc3 dxc4 7. Bxc4 Be6 8. Qb3 Qd7 9. Nge2 b5 10. Bxe6 fxe6 11. 0-0 a5 12. a3 Na6 13. Rac1 Bd6 14. Ne4 Ke7 15. Nxd6 Qxd6 16. Qc3 Nb8 17. e4 Qd7 18. f4 Rd8 19. Qh3 h6 20. g4 Qe8 21. Rc3 Ra7 22. e5 Qg6 23. Qg2 Rad7 24. h4 Rxd4 25. Nxd4 Rxd4 26. exf6+ gxf6 27. Re3 e5 28. g5 hxg5 29. hxg5 e4 30. gxf6+ Kxf6 31. Rg3 Qh7 32. f5 Nd7 33. Rg6+ Kf7 34. Rxc6 1-0

[Event "HUN-chT2 Toth 1819"]
[Site "Hungary"]
[Date "2019.03.10"]
[Round "9.8"]
[White "Kocsmar, Akos"]
[Black "Papp, Zoltan"]
[Result "1/2-1/2"]
[WhiteElo "1697"]
[BlackElo "1842"]
[PlyCount "35"]
[EventDate "2018.09.23"]
[EventType "team-tourn"]
[EventRounds "11"]
[EventCountry "HUN"]
[SourceTitle "EXT 2021"]
[Source "ChessBase"]
[SourceDate "2020.10.23"]
[SourceVersion "1"]
[SourceVersionDate "2020.10.23"]
[SourceQuality "1"]
[WhiteTeam "Szeged Maroczy III"]
[BlackTeam "Kecskemet Toth Laszlo II"]
[WhiteTeamCountry "HUN"]
[BlackTeamCountry "HUN"]

1. d4 d5 2. c4 c6 3. Nf3 Nf6 4. e3 Bf5 5. Nc3 e6 6. Bd3 Bg6 7. 0-0 Bd6 8. Ne5 dxc4 9. Nxc4 Qc7 10. f4 Nbd7 11. b3 Nd5 12. Ne2 N7f6 13. Ng3 Bxd3 14. Qxd3 0-0-0 15. Qe2 h5 16. Rf3 h4 17. Nf1 Ne4 18. Bb2 1/2-1/2

[Event "HUN-chT2 Toth 1819"]
[Site "Hungary"]
[Date "2018.10.07"]
[Round "2.12"]
[White "Kocsmar, Akos"]
[Black "Kovacs, Lilla"]
[Result "1/2-1/2"]
[WhiteElo "1697"]
[BlackElo "1579"]
[PlyCount "93"]
[EventDate "2018.09.23"]
[EventType "team-tourn"]
[EventRounds "11"]
[EventCountry "HUN"]
[SourceTitle "EXT 2021"]
[Source "ChessBase"]
[SourceDate "2020.10.23"]
[SourceVersion "1"]
[SourceVersionDate "2020.10.23"]
[SourceQuality "1"]
[WhiteTeam "Szeged Maroczy III"]
[BlackTeam "Ujszasz"]
[WhiteTeamCountry "HUN"]
[BlackTeamCountry "HUN"]

1. d4 d5 2. c4 e6 3. Nc3 Nf6 4. Nf3 Nbd7 5. Bg5 Be7 6. e3 0-0 7. Rc1 c5 8. Be2 b6 9. 0-0 Bb7 10. b3 Rc8 11. h3 Ne4 12. Bf4 cxd4 13. exd4 Ndf6 14. Be3 Bb4 15. Nxe4 Nxe4 16. Bd3 dxc4 17. bxc4 h6 18. Qe2 Ba3 19. Rc2 f5 20. Bf4 Bb4 21. Rb1 Ba5 22. Rbc1 Qd7 23. Be5 Qe7 24. Qe3 Bb4 25. g3 Bd6 26. Nh4 Rfd8 27. Be2 Qg5 28. Qb3 Bxe5 29. dxe5 Nc5 30. Qc3 Ne4 31. Qb3 f4 32. Nf3 Qh5 33. Kg2 Ng5 34. h4 Bxf3+ 35. Bxf3 Nxf3 36. Qxf3 Qxf3+ 37. Kxf3 fxg3 38. Kxg3 Rd3+ 39. Kg2 Rd4 40. Kg3 Rc5 41. f4 Kf7 42. Kf3 Rd3+ 43. Kg4 g6 44. h5 Rd4 45. hxg6+ Kxg6 46. Kg3 Kf5 47. Rh2 1/2-1/2

[Event "HUN-chT U18 2nd"]
[Site "Zalakaros"]
[Date "2018.07.27"]
[Round "3.26"]
[White "Gulacsi, Donat Ferenc"]
[Black "Kocsmar, Akos"]
[Result "1/2-1/2"]
[WhiteElo "1610"]
[BlackElo "1721"]
[PlyCount "44"]
[EventDate "2018.07.26"]
[EventType "team-swiss"]
[EventRounds "7"]
[EventCountry "HUN"]
[SourceTitle "EXT 2019"]
[Source "ChessBase"]
[SourceDate "2018.10.10"]
[SourceVersion "1"]
[SourceVersionDate "2018.10.10"]
[SourceQuality "1"]

1. e4 c5 2. Ne2 d6 3. c4 Nf6 4. Nbc3 g6 5. d4 cxd4 6. Nxd4 Bg7 7. Be2 0-0 8. Be3 Nc6 9. 0-0 Nxd4 10. Bxd4 Bd7 11. Rc1 Bc6 12. Qd3 Nd7 13. Bxg7 Kxg7 14. Qd4+ Kg8 15. Nd5 a5 16. f4 Rc8 17. Bg4 e6 18. Nc3 Qb6 19. Qxb6 Nxb6 20. b3 Rcd8 21. f5 e5 22. f6 h5 1/2-1/2

[Event "HUN-chT Csongrad Region"]
[Site "Hungary"]
[Date "2016.04.24"]
[Round "9.5"]
[White "Lango, Patrik"]
[Black "Kocsmar, Akos"]
[Result "0-1"]
[WhiteElo "1495"]
[BlackElo "1429"]
[PlyCount "154"]
[EventDate "2015.09.20"]
[EventType "team-tourn"]
[EventRounds "9"]
[EventCountry "HUN"]
[SourceTitle "EXT 2017"]
[Source "ChessBase"]
[SourceDate "2016.10.25"]
[SourceVersion "1"]
[SourceVersionDate "2016.10.25"]
[SourceQuality "1"]

1. Nf3 c5 2. c4 g6 3. Nc3 Bg7 4. g3 Nc6 5. Bg2 Nf6 6. 0-0 d6 7. b3 Ne4 8. Bb2 Nxc3 9. Bxc3 0-0 10. Bxg7 Kxg7 11. d3 h6 12. Qd2 Bf5 13. Nh4 Be6 14. Qb2+ Kh7 15. Rfe1 Rc8 16. a3 Qb6 17. Rab1 a5 18. Qc2 Nd4 19. Qc3 a4 20. b4 Nb3 21. bxc5 Qxc5 22. Qb4 Qxb4 23. axb4 b6 24. b5 Rc7 25. Rb2 Ra7 26. Nf3 d5 27. Ne5 dxc4 28. dxc4 Rc7 29. Ra2 Rc5 30. Bd5 Bxd5 31. Nd7 Bxc4 32. Nxf8+ Kg7 33. Nd7 Rxb5 34. Rxa4 Be6 35. Nb8 Nc5 36. Raa1 Bf5 37. Nc6 Nb3 38. Ra4 Bd7 39. Nd4 Rd5 40. Rb4 Nxd4 41. Rxb6 Re5 42. e3 Nf3+ 43. Kf1 Nxe1 44. Kxe1 Bg4 45. Rb1 h5 46. Kf1 Bf3 47. Ke1 Rd5 48. h4 Kf6 49. Rb6+ Kf5 50. Rb1 g5 51. Ra1 gxh4 52. gxh4 e5 53. Rc1 Kg4 54. e4 Rd1+ 55. Rxd1 Bxd1 56. Kxd1 Kxh4 57. Ke2 Kg4 58. f3+ Kg3 59. Kf1 Kxf3 60. Ke1 Kg2 61. Ke2 h4 62. Kd3 h3 63. Kc4 Kg3 64. Kd5 Kf4 65. Kd6 h2 66. Ke7 f5 67. exf5 Kxf5 68. Kd7 h1Q 69. Kc7 Qd1 70. Kc6 Qd4 71. Kb5 e4 72. Kc6 e3 73. Kb5 e2 74. Kc6 e1R 75. Kb5 Qc3 76. Ka4 Qb2 77. Ka5 Ra1# 0-1

[Event "HUN-chT Csongrad Region"]
[Site "Hungary"]
[Date "2016.04.10"]
[Round "8.2"]
[White "Makay, Andor"]
[Black "Kocsmar, Akos"]
[Result "0-1"]
[WhiteElo "1710"]
[BlackElo "1429"]
[PlyCount "36"]
[EventDate "2015.09.20"]
[EventType "team-tourn"]
[EventRounds "9"]
[EventCountry "HUN"]
[SourceTitle "EXT 2017"]
[Source "ChessBase"]
[SourceDate "2016.10.25"]
[SourceVersion "1"]
[SourceVersionDate "2016.10.25"]
[SourceQuality "1"]

1. d4 Nf6 2. c4 d5 3. a3 dxc4 4. Nc3 Nc6 5. Nf3 Bg4 6. e3 e6 7. Bxc4 a6 8. h3 Bh5 9. 0-0 Bd6 10. e4 Bxf3 11. gxf3 e5 12. Be3 Nh5 13. Ne2 Qh4 14. d5 Ne7 15. Kh2 Ng6 16. Ng3 Nhf4 17. Qa4+ Kd8 18. Rh1 Qxh3+ 0-1

[Event "HUN-chT Csongrad Region"]
[Site "Hungary"]
[Date "2016.02.21"]
[Round "6.3"]
[White "Volford, Istvan"]
[Black "Kocsmar, Akos"]
[Result "0-1"]
[WhiteElo "1791"]
[BlackElo "1377"]
[PlyCount "72"]
[EventDate "2015.09.20"]
[EventType "team-tourn"]
[EventRounds "9"]
[EventCountry "HUN"]
[SourceTitle "EXT 2017"]
[Source "ChessBase"]
[SourceDate "2016.10.25"]
[SourceVersion "1"]
[SourceVersionDate "2016.10.25"]
[SourceQuality "1"]

1. e4 e5 2. Nf3 Nc6 3. Bb5 a6 4. Bxc6 dxc6 5. 0-0 Bd6 6. h3 Bd7 7. d4 f6 8. dxe5 fxe5 9. Nxe5 Nf6 10. Nxd7 Nxd7 11. Be3 Qe7 12. Nd2 0-0-0 13. Qe2 h6 14. c3 Nc5 15. Bd4 Ne6 16. Qg4 Kb8 17. a3 h5 18. Qe2 Nf4 19. Qe3 Qg5 20. g3 c5 21. h4 Qg4 22. e5 Ne2+ 23. Kg2 cxd4 24. cxd4 Be7 25. Nf3 Nxd4 26. Nxd4 Rxd4 27. f3 Qd7 28. b4 g5 29. hxg5 h4 30. Rh1 h3+ 31. Kf1 Rf8 32. Ke2 Qb5+ 33. Kf2 Rd3 34. Qe4 Bxg5 35. f4 Rxf4+ 36. gxf4 Bh4+ 0-1